| 000 | 00505cam a2200181 i 4500 | ||
|---|---|---|---|
| 020 | _a0387097953 | ||
| 040 | _cDLC | ||
| 082 | 0 | 0 | _a581 PHY 1980 C282 Or. |
| 100 | 1 | _aLarcher, W. | |
| 245 | 1 | 0 | _aPhysiological plant ecology / |
| 250 | _a2d totally rev. ed. | ||
| 260 |
_aBerlin ; _aNew York : _bSpringer-Verlag, _c1980. |
||
| 300 |
_axvii, 303 p. : _bill. ; _c23 cm. |
||
| 500 | _aTranslation of Ökologie der Pflanzen. | ||
| 500 | _aIncludes index. | ||
| 650 | 0 | _aPlant ecophysiology. | |
| 942 | _cAEDBB | ||
| 999 |
_c21460 _d21460 |
||